Learning Resource and Development

Asia Pacific journal of tourism research. (Record no. 27875)

MARC details
000 -LEADER
fixed length control field 01526cas a2200385 i 4500
001 - CONTROL NUMBER
control field 11488170
005 - DATE AND TIME OF LATEST TRANSACTION
control field 20240725105831.0
008 - FIXED-LENGTH DATA ELEMENTS--GENERAL INFORMATION
fixed length control field 072524c2023 enkqr p 0 0eng c
010 ## - LIBRARY OF CONGRESS CONTROL NUMBER
LC control number 97657796
Canceled/invalid LC control number sn 97004213
022 ## - INTERNATIONAL STANDARD SERIAL NUMBER
International Standard Serial Number 1094-1665
ISSN-L 1094-1665
Source z
040 ## - CATALOGING SOURCE
Original cataloging agency INT
Language of cataloging eng
Transcribing agency CSPC
050 00 - LIBRARY OF CONGRESS CALL NUMBER
Classification number G155.A74
Item number A83
082 00 - DEWEY DECIMAL CLASSIFICATION NUMBER
Classification number 338.4/791504429
Edition number 21
210 0# - ABBREVIATED TITLE
Abbreviated title Asia Pac. j. tour. res.
222 #0 - KEY TITLE
Key title Asia Pacific journal of tourism research
245 00 - TITLE STATEMENT
Title Asia Pacific journal of tourism research.
246 13 - VARYING FORM OF TITLE
Title proper/short title APJTR
260 ## - PUBLICATION, DISTRIBUTION, ETC.
Place of publication, distribution, etc. United Kingdom :
Name of publisher, distributor, etc. Taylor & Francis Group ;
Date of publication, distribution, etc. 2023-
300 ## - PHYSICAL DESCRIPTION
Extent volumes :
Other physical details illustrations ;
Dimensions 25 cm.
310 ## - CURRENT PUBLICATION FREQUENCY
Current publication frequency Quarterly,
490 ## - SERIES STATEMENT
Materials specified Printed Journal Collection
500 ## - GENERAL NOTE
General note Includes bibliographical references.
521 ## - TARGET AUDIENCE NOTE
Target audience note Bachelor of Science in Tourism Management (BSTM)
650 #0 - SUBJECT ADDED ENTRY--TOPICAL TERM
Topical term or geographic name entry element Tourism
Geographic subdivision Asia
Form subdivision Periodicals.
650 #0 - SUBJECT ADDED ENTRY--TOPICAL TERM
Topical term or geographic name entry element Tourism
Geographic subdivision Pacific Area
Form subdivision Periodicals.
650 #7 - SUBJECT ADDED ENTRY--TOPICAL TERM
Topical term or geographic name entry element Tourism.
Source of heading or term fast
Authority record control number or standard number (OCoLC)fst01153142
651 #7 - SUBJECT ADDED ENTRY--GEOGRAPHIC NAME
Geographic name Asia.
Source of heading or term fast
Authority record control number or standard number (OCoLC)fst01240495
Real World Object URI https://id.oclc.org/worldcat/entity/E39PBJxMpyjKQ9Jtm3jkjPBgKd
651 #7 - SUBJECT ADDED ENTRY--GEOGRAPHIC NAME
Geographic name Pacific Area.
Source of heading or term fast
Authority record control number or standard number (OCoLC)fst01243504
655 #7 - INDEX TERM--GENRE/FORM
Genre/form data or focus term Periodicals.
Source of term fast
Authority record control number or standard number (OCoLC)fst01411641
710 2# - ADDED ENTRY--CORPORATE NAME
Corporate name or jurisdiction name as entry element Asia Pacific Tourism Association.
710 2# - ADDED ENTRY--CORPORATE NAME
Corporate name or jurisdiction name as entry element Conrad N. Hilton College of Hotel and Restaurant Management.
776 08 - ADDITIONAL PHYSICAL FORM ENTRY
Relationship information Also issued online:
Title Asia Pacific journal of tourism research (Online)
International Standard Serial Number 1741-6507
Record control number (DLC) 2008247626
-- (OCoLC)55659276
942 ## - ADDED ENTRY ELEMENTS (KOHA)
Source of classification or shelving scheme Dewey Decimal Classification
Koha item type Serials
Suppress in OPAC No
Holdings
Withdrawn status Lost status Source of classification or shelving scheme Damaged status Not for loan Home library Current library Shelving location Date acquired Serial Enumeration / chronology Total Checkouts Full call number Barcode Date last seen Copy number Price effective from Koha item type Public note
    Dewey Decimal Classification   On Process Main Library Main Library Serials 07/25/2024 Vol.28, No.4-6 April-June 2023   Ser TOUR 1 v.28 n.4-6 2023 00025S 07/25/2024 1 07/25/2024 Serials Journal
    Dewey Decimal Classification   On Process Main Library Main Library Serials 08/14/2024 Vol.28, No.1-3 January- March 2023   Ser TOUR 1 v.28 n.1-3 2023 00049S 08/14/2024 1 08/14/2024 Serials Journal
    Dewey Decimal Classification   On Process Main Library Main Library Serials 12/09/2024 Vol.28, No.10-12 October-December 2023   Ser TOUR 1 v.28 n.10-12 2023 00223S 12/09/2024 1 12/09/2024 Serials Journal